Catálogo
 En Linea

Métodos orientados a objetos : (Registro nro. 21015)

Detalles MARC
000 -CABECERA
campo de control de longitud fija 00969nam a2200253 a 4500
001 - NÚMERO DE CONTROL
campo de control 000021515
005 - FECHA Y HORA DE LA ÚLTIMA TRANSACCIÓN
campo de control 20200930011343.0
008 - DATOS DE LONGITUD FIJA--INFORMACIÓN GENERAL
campo de control de longitud fija 100908s1997 mx ad r 000 0 spa d
020 ## - NÚMERO INTERNACIONAL ESTÁNDAR DEL LIBRO
Número Internacional Estándar del Libro 9701700570
020 ## - NÚMERO INTERNACIONAL ESTÁNDAR DEL LIBRO
Número Internacional Estándar del Libro 0136308643
040 ## - FUENTE DE LA CATALOGACIÓN
Centro catalogador/agencia de origen DO-SdBNP
Lengua de catalogación spa
Centro/agencia transcriptor BNPHU
041 17 - CÓDIGO DE LENGUA
Código de lengua del texto/banda sonora o título independiente spa
Fuente del código eng
082 ## - NÚMERO DE LA CLASIFICACIÓN DECIMAL DEWEY
Número de clasificación 005.1
Número de documento/Ítem M379m
049 ## - FONDOS LOCALES (OCLC)
Fondos de biblioteca BNGR
100 1# - ENTRADA PRINCIPAL--NOMBRE DE PERSONA
Nombre de persona Martín, James
Fechas asociadas al nombre 1933-
9 (RLIN) 6165
245 10 - MENCIÓN DE TÍTULO
Título Métodos orientados a objetos :
Resto del título consideraciones prácticas /
Mención de responsabilidad, etc. James Martín , James J. Odell ; traducción Gabriel Sánchez García.
260 ## - PUBLICACIÓN, DISTRIBUCIÓN, ETC.
Lugar de publicación, distribución, etc. Juárez, México :
Nombre del editor, distribuidor, etc. Prentice-Hall Hispanoamericana,
Fecha de publicación, distribución, etc. 1997.
300 ## - DESCRIPCIÓN FÍSICA
Extensión xvi, 560 p. :
Otras características físicas il., diag. ;
Dimensiones 24 cm.
500 ## - NOTA GENERAL
Nota general Traducido del inglés de la obra: Object oriented methods, pragmatic considerations. first edition.
650 #4 - PUNTO DE ACCESO ADICIONAL DE MATERIA--TÉRMINO DE MATERIA
Término de materia o nombre geográfico como elemento de entrada Programación orientada a objetos (computadores)
9 (RLIN) 5500
650 #4 - PUNTO DE ACCESO ADICIONAL DE MATERIA--TÉRMINO DE MATERIA
Término de materia o nombre geográfico como elemento de entrada Ingenieria de software
9 (RLIN) 44835
700 1# - PUNTO DE ACCESO ADICIONAL--NOMBRE DE PERSONA
Nombre de persona Odell, James J.
9 (RLIN) 97
700 1# - PUNTO DE ACCESO ADICIONAL--NOMBRE DE PERSONA
Nombre de persona Sánchez García, Gabriel
Término indicativo de función/relación tr.
9 (RLIN) 44836
Existencias
Estado de retiro Estado de pérdida Restricciones de uso No para préstamo Código de colección Localización permanente Ubicación/localización actual Ubicación en estantería Fecha de adquisición Número de inventario Total de préstamos Signatura topográfica completa Código de barras Fecha visto por última vez Precio válido a partir de Tipo de ítem Koha
        Monografías: Libros y Folletos General General En catalogación 08.09.2010 LF1   005.1 M379m 21515-10 25.06.2020 25.06.2020 Préstamo en sala

Con tecnología Koha